000
00218 a2200097 4500
001
48588
100
_a
Umbreit, M.H
245
_a
Modern economic problems
260
_a
New York
_b
McGraw-Hill
_c
090
_c
31516
_d
31516
942
_a
NUST-CAE
_c
M
_c
23910
999
_c
283661
_d
283661